Quick Pick: Missing Movie Female Names Quiz Stats

Quiz Updated Mar 20, 2016

Challenge
Share
Tweet
Embed
Score 0/15 Timer 01:00
2 Plays Today
% Correct
Alice
98.2%
Juliet
98.1%
Bridget
95.9%
Louise
95.5%
Wanda
93.8%
Erin
93.6%
Mary
93.6%
Irene
93.3%
% Correct
Jane
93%
Sophie
91.9%
Sarah
91.8%
Annie
91.1%
Rosemary
90.9%
Emily
89.2%
Michele
84.9%

Today's Daily Dose

Missing Word
1998 A-Z Movies

Word Ladder
5 Vowel Sounds

Quick Pick
Legal Terms

On This Day
June 25th II

You're not logged in!

Compare scores with friends on all Sporcle quizzes.
Join for Free
OR
Log In

You Might Also Like...

Show Comments

Extras

Top Quizzes Today


Score Distribution

Your Account Isn't Verified!

In order to create a playlist on Sporcle, you need to verify the email address you used during registration. Go to your Sporcle Settings to finish the process.

Report this User

Report this user for behavior that violates our Community Guidelines.

Details: